| 000 | 00906nam a22002537a 4500 | ||
|---|---|---|---|
| 005 | 20160617124139.0 | ||
| 010 | _aENG-115270 | ||
| 020 |
_a9789383098279 _c1995.00 |
||
| 035 | _aEN-98802 | ||
| 037 | _bDBAD/PUB | ||
| 082 | _a757.7095432 | ||
| 100 | _aDaljeet | ||
| 245 |
_aRagachitra : _bDeccani ragamala painting / _cby Daljeet ; edited by Mohua Mitra |
||
| 260 |
_aNew Delhi _bNiyogi Books _c2014 |
||
| 270 |
_aD-78,Okhla Industrial Area,Phase-I _bNew Delhi _e110020 |
||
| 300 |
_axi,258p. : _bill. _c28cm(Hb) |
||
| 500 | _aIncludes bibliographical references and index | ||
| 610 | _a National Museum of India. | ||
| 650 |
_aRāgamālā painting _zIndia _zBijāpur (Karnataka) |
||
| 650 |
_aDeccani painting _zIndia _zBijāpur (Karnataka) |
||
| 650 |
_aMiniature painting, Indic _zIndia _zBijāpur (Karnataka) |
||
| 700 | _aMitra,Mohua | ||
| 942 |
_2ddc _cHN _mDAL _h757.7095432 |
||
| 999 |
_c100327 _d100327 |
||